[Event "GoAudit Open"]
[Site "Copenhagen"]
[Date "2019.11.08"]
[Round "3.7"]
[White "Andersen, Rune"]
[Black "Jaques, Hannibal Valeur"]
[Result "1-0"]
[WhiteElo "2122"]
[BlackElo "1736"]
[PlyCount "95"]
[EventDate "2019.11.??"]
[EventType "swiss"]
[EventRounds "8"]
[EventCountry "DEN"]

1. d4 d5 2. c4 c6 3. Nc3 dxc4 4. a4 Nf6 5. Nf3 Bg4 6. e3 e6 7. Bxc4 Bb4 8. Qb3
Qb6 9. Ne5 Bf5 10. O-O O-O 11. Qd1 Nbd7 12. e4 Nxe5 13. dxe5 Nxe4 14. Nxe4 Bxe4
15. Qg4 Bf5 16. Qg3 Qd4 17. Be2 Rad8 18. h4 Rd5 19. Bf4 Bd2 20. Bxd2 Qxd2 21.
Bf3 Rc5 22. Rad1 Qxb2 23. Rd7 a5 24. Rfd1 b5 25. axb5 cxb5 26. Ra7 a4 27. Rdd7
Qxe5 28. Qxe5 Rxe5 29. Bc6 Rc5 30. Bf3 g6 31. h5 Bc2 32. h6 b4 33. Bg4 Rc6 34.
Rdb7 b3 35. Bf3 Rcc8 36. Rb4 Rb8 37. Bb7 Rfd8 38. Kh2 Kf8 39. Rf4 b2 40. Be4 f5
41. Bxc2 b1=Q 42. Bxb1 Rxb1 43. Rxh7 Kg8 44. Rg7+ Kh8 45. Rxa4 e5 46. Raa7 Rb4
47. Rh7+ Kg8 48. Rag7+ 1-0

[Event "GoAudit Open"]
[Site "Copenhagen"]
[Date "2019.11.08"]
[Round "3.8"]
[White "Hoi, Carsten"]
[Black "Damgaard Hansen, Henrik"]
[Result "1-0"]
[WhiteElo "2317"]
[BlackElo "1769"]
[PlyCount "59"]
[EventDate "2019.11.??"]
[EventType "swiss"]
[EventRounds "8"]
[EventCountry "DEN"]

1. d4 Nf6 2. c4 c5 3. e3 e6 4. Nc3 a6 5. Nf3 cxd4 6. exd4 g6 7. Be2 Bg7 8. O-O
O-O 9. Bg5 h6 10. Bh4 b6 11. d5 g5 12. Bg3 exd5 13. cxd5 Bb7 14. Nd4 Nxd5 15.
Nxd5 Bxd5 16. Nf5 Be6 17. Nxg7 Kxg7 18. Be5+ f6 19. Bc3 d5 20. Rc1 Qd7 21. f4
Nc6 22. fxg5 hxg5 23. Bf3 Rf7 24. Qd2 Kf8 25. Bh5 d4 26. Bxf7 dxc3 27. Qxc3
Bxf7 28. Qxc6 Qd4+ 29. Kh1 Kg7 30. Qxa8 1-0

[Event "GoAudit Open"]
[Site "Copenhagen"]
[Date "2019.11.08"]
[Round "3.9"]
[White "Guindy, Esmat Susanne"]
[Black "Iskos, Lukas"]
[Result "1-0"]
[WhiteElo "2102"]
[BlackElo "1743"]
[PlyCount "69"]
[EventDate "2019.11.??"]
[EventType "swiss"]
[EventRounds "8"]
[EventCountry "DEN"]

1. d4 Nf6 2. c4 e6 3. Nf3 d5 4. Bg5 c5 5. cxd5 exd5 6. Nc3 cxd4 7. Nxd4 Nc6 8.
e3 Nxd4 9. Qxd4 Be7 10. Bb5+ Bd7 11. Bxf6 Bxf6 12. Qxd5 Rc8 13. O-O-O Rc7 14.
Bxd7+ Rxd7 15. Qe4+ Qe7 16. Rxd7 Qxe4 17. Nxe4 Kxd7 18. Nxf6+ gxf6 19. Rd1+ Ke6
20. Rd4 Rc8+ 21. Kd2 h5 22. Rh4 Rc5 23. e4 Rg5 24. g3 Rb5 25. b3 a5 26. Ke3 b6
27. Rf4 a4 28. bxa4 Ra5 29. Rf5 Rxa4 30. Rxh5 Rxa2 31. Rb5 Ra6 32. h4 Ke7 33.
h5 Ra5 34. Rxa5 bxa5 35. g4 1-0

[Event "GoAudit Open"]
[Site "Copenhagen"]
[Date "2019.11.08"]
[Round "3.10"]
[White "Singh, Karamtej"]
[Black "Jensen, Torben Winther"]
[Result "0-1"]
[WhiteElo "1903"]
[BlackElo "1701"]
[PlyCount "69"]
[EventDate "2019.11.??"]
[EventType "swiss"]
[EventRounds "8"]
[EventCountry "DEN"]

1. e4 c5 2. Nf3 g6 3. d4 cxd4 4. Nxd4 Nc6 5. Nc3 Bg7 6. Be3 Nf6 7. Bc4 Qa5 8.
O-O O-O 9. Nd5 Nxd5 10. exd5 Ne5 11. Bb3 d6 12. c3 Ng4 13. Bg5 Qd8 14. Re1 Bf6
15. Qd2 Bxg5 16. Qxg5 e5 17. Qxd8 Rxd8 18. Nb5 a6 19. Na3 Rb8 20. Rac1 Bd7 21.
Nc4 Be8 22. Nb6 f5 23. f4 e4 24. h3 Nf6 25. a4 Nd7 26. Nxd7 Rxd7 27. Re3 Rc7
28. Ba2 Bxa4 29. c4 Rbc8 30. b4 b5 31. c5 Kf8 32. Rec3 a5 33. bxa5 Ke7 34. c6
Ra8 35. g4 0-1

[Event "GoAudit Open"]
[Site "Copenhagen"]
[Date "2019.11.08"]
[Round "4.1"]
[White "Hector, Jonny"]
[Black "Malmqvist, Glenn"]
[Result "1-0"]
[WhiteElo "2478"]
[BlackElo "2121"]
[PlyCount "59"]
[EventDate "2019.11.??"]
[EventType "swiss"]
[EventRounds "8"]
[EventCountry "DEN"]

1. e4 c5 2. Nf3 d6 3. d4 cxd4 4. Nxd4 Nf6 5. Nc3 a6 6. Bg5 Nbd7 7. f4 Qb6 8.
Qd2 Qxb2 9. Rb1 Qa3 10. Bxf6 gxf6 11. Nd5 Kd8 12. Rb3 Qc5 13. Rc3 Qa7 14. Rc7
Ke8 15. Qc3 Nc5 16. Nb3 Be6 17. Rxc5 dxc5 18. Nc7+ Kd8 19. Nxa8 Bxb3 20. Qa5+
b6 21. Nxb6 Be6 22. Nd5+ Kd7 23. Bxa6 Qb8 24. Bb5+ Kc8 25. Nb6+ Kb7 26. Qa6+
Kc7 27. Na8+ Kd8 28. Qa5+ Kc8 29. Ba6+ Kd7 30. O-O 1-0

[Event "GoAudit Open"]
[Site "Copenhagen"]
[Date "2019.11.08"]
[Round "4.2"]
[White "Nielsen, Viktor Haarmark"]
[Black "Rostgaard, Tobias Valentin"]
[Result "0-1"]
[WhiteElo "2268"]
[BlackElo "2357"]
[PlyCount "88"]
[EventDate "2019.11.??"]
[EventType "swiss"]
[EventRounds "8"]
[EventCountry "DEN"]

1. e4 e5 2. Nf3 Nc6 3. Bb5 a6 4. Ba4 d6 5. O-O Bd7 6. c3 g6 7. Re1 Bg7 8. d4
Nf6 9. d5 Ne7 10. c4 b5 11. Bc2 Nh5 12. Nc3 O-O 13. Bd3 Qe8 14. Be3 h6 15. c5
f5 16. cxd6 cxd6 17. Qb3 Kh7 18. a4 fxe4 19. Bxe4 Nf5 20. axb5 axb5 21. Rxa8
Qxa8 22. Qa2 b4 23. Qxa8 Rxa8 24. Nb1 Nf6 25. Nbd2 Ra2 26. b3 Rb2 27. Bb6 Nxe4
28. Rxe4 Ne7 29. Bc7 Bf5 30. Re1 Nxd5 31. Bxd6 e4 32. Nxe4 Rxb3 33. Ned2 Rd3
34. h3 b3 35. g4 Bd7 36. Rb1 Nc3 37. Rxb3 Rxd6 38. Kh2 Bc6 39. Nc4 Rd1 40. Nce5
Bxe5+ 41. Nxe5 Rh1+ 42. Kg3 Ne2+ 43. Kh4 g5+ 44. Kh5 Nf4# 0-1

[Event "GoAudit Open"]
[Site "Copenhagen"]
[Date "2019.11.08"]
[Round "4.3"]
[White "Pedersen, Nicolai Vesterbaek"]
[Black "Liu, Casper Yukun"]
[Result "1-0"]
[WhiteElo "2391"]
[BlackElo "2171"]
[PlyCount "50"]
[EventDate "2019.11.??"]
[EventType "swiss"]
[EventRounds "8"]
[EventCountry "DEN"]

1. c4 e5 2. d3 Nc6 3. Nf3 g6 4. g3 Bg7 5. Bg2 Nge7 6. Nc3 O-O 7. O-O f5 8. Rb1
d6 9. Bd2 h6 10. b4 e4 11. dxe4 fxe4 12. Nxe4 Bf5 13. Nh4 Be6 14. b5 Nd4 15.
Bc3 Ndf5 16. Nxf5 gxf5 17. Bxg7 Kxg7 18. Qd4+ Kh7 19. Nc3 Rb8 20. c5 dxc5 21.
Qxc5 b6 22. Qe3 Bc4 23. Rb4 Bf7 24. Rd1 Qe8 25. Rh4 Ng6 1-0

[Event "GoAudit Open"]
[Site "Copenhagen"]
[Date "2019.11.08"]
[Round "4.4"]
[White "Fries Nielsen, Jens Ove"]
[Black "Andersen, Rune"]
[Result "1-0"]
[WhiteElo "2367"]
[BlackElo "2122"]
[PlyCount "47"]
[EventDate "2019.11.??"]
[EventType "swiss"]
[EventRounds "8"]
[EventCountry "DEN"]

1. e4 c5 2. Nf3 Nc6 3. Bb5 g6 4. Bxc6 bxc6 5. O-O Bg7 6. e5 f6 7. Re1 fxe5 8.
Nxe5 Nf6 9. d3 O-O 10. Bg5 Qc7 11. Nd2 d6 12. Nec4 e5 13. c3 Be6 14. f4 Bg4 15.
Qa4 h6 16. Bxf6 Rxf6 17. fxe5 Rf4 18. exd6 Qf7 19. Re7 Qf8 20. Qxc6 Rd8 21.
Rae1 Kh7 22. d7 Rf6 23. Qc7 Bf5 24. Na5 1-0

[Event "GoAudit Open"]
[Site "Copenhagen"]
[Date "2019.11.08"]
[Round "4.5"]
[White "Marchena Hurtado, Javier"]
[Black "Oehlerich, Per"]
[Result "1-0"]
[WhiteElo "2356"]
[BlackElo "1928"]
[PlyCount "47"]
[EventDate "2019.11.??"]
[EventType "swiss"]
[EventRounds "8"]
[EventCountry "DEN"]

1. e4 b6 2. d4 Bb7 3. Bd3 e6 4. Qe2 c5 5. d5 Nf6 6. c4 exd5 7. exd5+ Qe7 8. Nc3
Qxe2+ 9. Ngxe2 a6 10. O-O d6 11. Re1 Nbd7 12. Ng3+ Kd8 13. Bf4 h6 14. Nf5 Kc7
15. Re2 g6 16. Ng3 g5 17. Be3 Ne5 18. Rd1 Nxd3 19. Rxd3 Re8 20. Bd2 Rxe2 21.
Ncxe2 Bc8 22. Bc3 Be7 23. Rf3 g4 24. Rf4 1-0

[Event "GoAudit Open"]
[Site "Copenhagen"]
[Date "2019.11.08"]
[Round "4.7"]
[White "van den Brink, Nienke"]
[Black "Christensen, Lasse"]
[Result "0-1"]
[WhiteElo "1851"]
[BlackElo "2204"]
[PlyCount "74"]
[EventDate "2019.11.??"]
[EventType "swiss"]
[EventRounds "8"]
[EventCountry "DEN"]

1. e4 c5 2. Nf3 d6 3. d4 cxd4 4. Nxd4 Nf6 5. Nc3 a6 6. f3 e6 7. Be3 Be7 8. Qd2
Qc7 9. O-O-O b5 10. g4 Nbd7 11. a3 Ne5 12. h4 Nc4 13. Ndxb5 axb5 14. Nxb5 Qc6
15. Bxc4 Qxc4 16. Nxd6+ Bxd6 17. Qxd6 Nd7 18. Bd4 Ra6 19. Qh2 O-O 20. h5 Re8
21. f4 Nc5 22. Bxc5 Qxc5 23. g5 Qe3+ 24. Kb1 Qxe4 25. g6 fxg6 26. h6 Ra7 27.
hxg7 Rxg7 28. Rdg1 Bb7 29. Re1 Qc4 30. Rhg1 Be4 31. Re2 Bf5 32. Rd1 Rc7 33.
Rdd2 Rec8 34. Ka1 Qa6 35. c3 Rxc3 36. bxc3 Qxa3+ 37. Ra2 Qc1# 0-1

[Event "GoAudit Open"]
[Site "Copenhagen"]
[Date "2019.11.08"]
[Round "4.8"]
[White "Wahlgreen, Noah Krug"]
[Black "Guindy, Esmat Susanne"]
[Result "0-1"]
[WhiteElo "1749"]
[BlackElo "2102"]
[PlyCount "118"]
[EventDate "2019.11.??"]
[EventType "swiss"]
[EventRounds "8"]
[EventCountry "DEN"]

1. e4 e6 2. d4 d5 3. exd5 exd5 4. Bd3 Bd6 5. h3 c6 6. Nf3 Qc7 7. O-O Ne7 8. Re1
h6 9. Ne5 Be6 10. Ng6 Nxg6 11. Bxg6 O-O 12. Bxh6 gxh6 13. Qh5 Kg7 14. Bd3 Qd7
15. Nd2 f5 16. Nf3 Qf7 17. Qxf7+ Bxf7 18. Bxf5 Bh5 19. Nh4 Na6 20. Re6 Rad8 21.
Rae1 Nc7 22. Bg6 Nxe6 23. Rxe6 Bxg6 24. Rxg6+ Kh7 25. Kf1 Rf4 26. Rg4 Rdf8 27.
f3 Rxg4 28. hxg4 Bg3 29. Nf5 Rxf5 30. gxf5 Kg7 31. b3 Kf6 32. Ke2 Kxf5 33. c4
Kf4 34. Kd3 Bh4 35. b4 Kg3 36. b5 Bg5 37. a4 Kxg2 38. a5 cxb5 39. cxd5 h5 40.
Ke4 h4 41. f4 Bd8 42. f5 h3 43. Ke5 h2 44. a6 bxa6 45. f6 h1=Q 46. d6 Qh8 47.
d7 Qxf6+ 48. Kd5 Bb6 49. d8=Q Qxd8+ 50. Ke6 Qxd4 51. Kf5 Qe3 52. Kf6 Kg3 53.
Kf5 Bd8 54. Kg6 Qf4 55. Kh7 Kg4 56. Kg7 Kg5 57. Kh8 Kg6 58. Kg8 Bg5 59. Kh8
Qf8# 0-1

[Event "GoAudit Open"]
[Site "Copenhagen"]
[Date "2019.11.08"]
[Round "4.9"]
[White "Meskenas, Paulius"]
[Black "Kirkebaekke, Mark"]
[Result "1-0"]
[WhiteElo "2003"]
[BlackElo "1848"]
[PlyCount "109"]
[EventDate "2019.11.??"]
[EventType "swiss"]
[EventRounds "8"]
[EventCountry "DEN"]

1. e4 c6 2. d4 d5 3. Nc3 dxe4 4. Nxe4 Bf5 5. Ng3 Bg6 6. Nh3 h6 7. Nf4 Bh7 8.
Bc4 Nf6 9. O-O e6 10. Re1 Bd6 11. Bxe6 O-O 12. Bb3 Qc7 13. Qf3 Nbd7 14. h3 a5
15. a3 a4 16. Ba2 Qa5 17. Be3 Bxc2 18. Ngh5 Be4 19. Nxf6+ Nxf6 20. Qe2 Rae8 21.
Qd2 Qg5 22. g3 Qf5 23. Kh2 g5 24. Ng2 Qf3 25. Rg1 Kh7 26. Bc4 Qh5 27. Be2 g4
28. h4 Bf3 29. Bd3+ Ne4 30. Bf4 Qg6 31. Bxe4 Rxe4 32. Rge1 Rfe8 33. Qa5 f5 34.
Rxe4 Rxe4 35. Qd8 Rxd4 36. Re1 Bc5 37. Qc7+ Qg7 38. Qxg7+ Kxg7 39. Be5+ Kf7 40.
Bxd4 Bxd4 41. Ne3 f4 42. gxf4 Bxb2 43. Nc4 Bd4 44. Kg3 Kf6 45. Ne5 Bd5 46.
Nxg4+ Kf7 47. Nxh6+ Kg6 48. Ng4 Bc5 49. Ne5+ Kf5 50. Nd7 Bxa3 51. Nb6 Bb3 52.
h5 c5 53. Nd7 Bb2 54. Nxc5 Bc2 55. Re2 1-0

[Event "GoAudit Open"]
[Site "Copenhagen"]
[Date "2019.11.08"]
[Round "4.10"]
[White "Wehding, Anton Bonsvig"]
[Black "Frank Nielsen, Marie"]
[Result "1-0"]
[WhiteElo "1402"]
[BlackElo "1989"]
[PlyCount "51"]
[EventDate "2019.11.??"]
[EventType "swiss"]
[EventRounds "8"]
[EventCountry "DEN"]

1. d4 Nf6 2. c4 g6 3. Nc3 Bg7 4. Nf3 O-O 5. g3 d6 6. Bg2 Nbd7 7. O-O e5 8. e4
exd4 9. Nxd4 Nc5 10. Re1 c6 11. Bf4 Nh5 12. Nde2 Nxf4 13. Nxf4 Ne6 14. Nd3 Nd4
15. e5 dxe5 16. Nxe5 Be6 17. b3 Qd6 18. Nf3 Nxf3+ 19. Qxf3 Qb4 20. Rac1 Rae8
21. Ne4 Bf5 22. g4 Bxe4 23. Rxe4 Qd2 24. Rd1 Qxa2 25. Rxe8 Rxe8 26. Rd7 1-0

[Event "GoAudit Open"]
[Site "Copenhagen"]
[Date "2019.11.09"]
[Round "5.1"]
[White "Rostgaard, Tobias Valentin"]
[Black "Hector, Jonny"]
[Result "1/2-1/2"]
[WhiteElo "2357"]
[BlackElo "2478"]
[PlyCount "228"]
[EventDate "2019.11.??"]
[EventType "swiss"]
[EventRounds "8"]
[EventCountry "DEN"]

1. d4 d5 2. Bf4 c5 3. dxc5 Nc6 4. Nf3 f6 5. e4 dxe4 6. Nfd2 e5 7. Be3 f5 8. Bb5
Be6 9. Nc3 Nf6 10. Qe2 Qc7 11. Nc4 Be7 12. O-O-O O-O 13. Nd6 Nd4 14. Bxd4 exd4
15. Bc4 dxc3 16. Bxe6+ Kh8 17. Qc4 cxb2+ 18. Kb1 Bxd6 19. cxd6 Qxc4 20. Bxc4
Ng4 21. Rd2 Rad8 22. Bb3 f4 23. h3 e3 24. fxe3 Nxe3 25. Kxb2 g5 26. c4 Rf5 27.
Re1 b5 28. cxb5 Rxb5 29. Rc1 Kg7 30. Rc7+ Kf6 31. Ka3 Rb6 32. d7 Ke7 33. Rxa7
Rd6 34. Rxd6 Kxd6 35. Ra5 Nxg2 36. Rd5+ Kc7 37. Rxg5 Ne3 38. Re5 Kxd7 39. Kb4
Rf8 40. a4 Rf6 41. Kc3 Ng2 42. Rd5+ Kc7 43. Rc5+ Kd6 44. Rd5+ Kc6 45. Ra5 Kb6
46. Rb5+ Kc7 47. Bd5 f3 48. Rb7+ Kc8 49. Rxh7 Ne3 50. Bxf3 Rxf3 51. Kb4 Rf5 52.
a5 Nd5+ 53. Ka4 Nc7 54. h4 Rf4+ 55. Kb3 Na6 56. h5 Rh4 57. h6 Nc5+ 58. Kc3 Kb8
59. Kc2 Rh3 60. Kb2 Ne4 61. Rh8+ Ka7 62. Re8 Nf6 63. Re7+ Ka8 64. h7 Nxh7 65.
Re8+ Ka7 66. Rh8 Ka6 67. Ra8+ Kb5 68. a6 Kb6 69. a7 Kb7 70. Rh8 Kxa7 71. Kc1
Rh2 72. Kd1 Kb6 73. Kc1 Rh6 74. Kb1 Kc5 75. Kc1 Kd4 76. Kd2 Ke4 77. Ke2 Rh2+
78. Kd1 Ke3 79. Re8+ Kf3 80. Rh8 Rh6 81. Kc2 Rc6+ 82. Kd3 Rd6+ 83. Kc4 Ng5 84.
Rf8+ Ke3 85. Kb5 Ne4 86. Rh8 Kd4 87. Rh4 Rg6 88. Rf4 Rh6 89. Rg4 Kd5 90. Rg1
Nc3+ 91. Kb4 Rc6 92. Rg5+ Kd4 93. Rg4+ Ne4 94. Kb5 Rc8 95. Rh4 Rf8 96. Rg4 Kd5
97. Kb6 Rb8+ 98. Kc7 Rb1 99. Rh4 Nf6 100. Rh2 Rc1+ 101. Kb7 Kd6 102. Rh6 Rb1+
103. Kc8 Ke7 104. Rh2 Rc1+ 105. Kb7 Rc4 106. Kb6 Kd6 107. Kb5 Rf4 108. Rh6 Kd5
109. Rh1 Rd4 110. Rh8 Nd7 111. Rh5+ Ne5 112. Rh8 Nf7 113. Rh5+ Ke6 114. Kc5 Rd8
1/2-1/2

[Event "GoAudit Open"]
[Site "Copenhagen"]
[Date "2019.11.09"]
[Round "5.2"]
[White "Fries Nielsen, Jens Ove"]
[Black "Pedersen, Nicolai Vesterbaek"]
[Result "1-0"]
[WhiteElo "2367"]
[BlackElo "2391"]
[PlyCount "73"]
[EventDate "2019.11.??"]
[EventType "swiss"]
[EventRounds "8"]
[EventCountry "DEN"]

1. d4 Nf6 2. Nc3 d5 3. Bf4 e6 4. Nb5 Na6 5. e3 c6 6. Nc3 Nc7 7. Nf3 Bb4 8. a3
Bxc3+ 9. bxc3 Nb5 10. Bxb5 cxb5 11. Rb1 Bd7 12. Nd2 Rc8 13. Rb3 a5 14. Bg5 a4
15. Rb2 Rxc3 16. Nb1 Qa5 17. O-O Ne4 18. Qe1 b6 19. f3 Nxg5 20. Nxc3 f6 21.
Nxb5 Qxe1 22. Rxe1 Ke7 23. c4 dxc4 24. Rc1 Rc8 25. Nc3 b5 26. Nxb5 Rb8 27. Rcb1
Nf7 28. Rb4 Rc8 29. Nc3 Nd6 30. Kf2 f5 31. Ke2 Be8 32. Kd2 g5 33. Rb8 Rc7 34.
R1b4 h5 35. e4 fxe4 36. fxe4 Bg6 37. Ke3 1-0

[Event "GoAudit Open"]
[Site "Copenhagen"]
[Date "2019.11.09"]
[Round "5.3"]
[White "Guindy, Esmat Susanne"]
[Black "Marchena Hurtado, Javier"]
[Result "0-1"]
[WhiteElo "2102"]
[BlackElo "2356"]
[PlyCount "102"]
[EventDate "2019.11.??"]
[EventType "swiss"]
[EventRounds "8"]
[EventCountry "DEN"]

1. c4 Nf6 2. Nf3 g6 3. g3 Bg7 4. Bg2 O-O 5. O-O d6 6. Nc3 e5 7. d4 Nbd7 8. e4
exd4 9. Nxd4 Re8 10. h3 Nc5 11. Re1 Bd7 12. Bf4 h6 13. b4 Ne6 14. Nxe6 Bxe6 15.
Qb3 Nd7 16. Rac1 g5 17. Be3 Ne5 18. Nb5 Nxc4 19. Rxc4 c6 20. Nxa7 b5 21. Nxc6
Bxc4 22. Nxd8 Bxb3 23. axb3 Rexd8 24. Bb6 Re8 25. Bc7 Be5 26. Ba5 Rec8 27. Re3
Rc1+ 28. Bf1 Rac8 29. Kg2 R8c3 30. Rxc3 Rxc3 31. Bxb5 Rxb3 32. Bc4 Rb2 33. b5
Bd4 34. Be1 Kg7 35. Kf3 h5 36. g4 h4 37. Be2 Kf6 38. Ba5 Ke5 39. Bc7 f6 40. Ba5
Rb3+ 41. Kg2 Kxe4 42. Bc7 Rb2 43. Kf1 Ke5 44. Ba5 Rc2 45. Bd8 Ke6 46. Ba5 Kd7
47. Bb4 Rb2 48. Ba5 Ra2 49. Bb4 Rb2 50. Ba5 Rc2 51. Bb4 Bc3 0-1

[Event "GoAudit Open"]
[Site "Copenhagen"]
[Date "2019.11.09"]
[Round "5.4"]
[White "Hoi, Carsten"]
[Black "Meskenas, Paulius"]
[Result "1-0"]
[WhiteElo "2317"]
[BlackElo "2003"]
[PlyCount "33"]
[EventDate "2019.11.??"]
[EventType "swiss"]
[EventRounds "8"]
[EventCountry "DEN"]

1. d4 Nf6 2. c4 g6 3. Nc3 d5 4. Nf3 Bg7 5. e3 O-O 6. cxd5 Nxd5 7. Bc4 c6 8. O-O
Nb6 9. Bb3 Na6 10. h3 Qc7 11. a4 Rd8 12. Qe2 Nb4 13. e4 a5 14. Be3 Nd7 15.
Bxf7+ Kxf7 16. Qc4+ Kf8 17. Ng5 1-0

[Event "GoAudit Open"]
[Site "Copenhagen"]
[Date "2019.11.09"]
[Round "5.5"]
[White "Malmqvist, Glenn"]
[Black "Nielsen, Viktor Haarmark"]
[Result "0-1"]
[WhiteElo "2121"]
[BlackElo "2268"]
[PlyCount "104"]
[EventDate "2019.11.??"]
[EventType "swiss"]
[EventRounds "8"]
[EventCountry "DEN"]

1. e4 c5 2. c3 Nf6 3. e5 Nd5 4. Bc4 Nb6 5. Bb3 c4 6. Bc2 Nc6 7. Qe2 d6 8. exd6
Qxd6 9. b3 Ne5 10. bxc4 Nexc4 11. d3 Ne5 12. Nf3 Nxf3+ 13. Qxf3 Qd5 14. Qg3 g6
15. Bb3 Qf5 16. O-O h5 17. h3 h4 18. Qc7 Qd7 19. Qe5 Rh5 20. Qe2 Bg7 21. d4 Nd5
22. Re1 Bf6 23. Qe4 Qf5 24. Qe2 Bd7 25. Qd1 Nf4 26. Bc2 Qg5 27. Qf3 Bc6 28. Be4
Bxe4 29. Qxe4 Nxh3+ 30. Kf1 Qb5+ 31. Re2 Ng5 32. Bxg5 Rxg5 33. Na3 Qd5 34. Rb1
Qxe4 35. Rxe4 b6 36. Rb3 Ra5 37. Re2 Kd7 38. Nc4 Rh5 39. Reb2 Rc8 40. Nd2 e6
41. Ke2 Be7 42. Nf3 f6 43. Rc2 g5 44. Rb1 g4 45. Ne1 Bd6 46. Nd3 h3 47. gxh3
gxh3 48. Rh1 Rg8 49. f4 Rg2+ 50. Nf2 Bxf4 51. Kf3 Bd6 52. Re2 Rg3+ 0-1

[Event "GoAudit Open"]
[Site "Copenhagen"]
[Date "2019.11.09"]
[Round "5.6"]
[White "Christensen, Lasse"]
[Black "Jensen, Torben Winther"]
[Result "1-0"]
[WhiteElo "2204"]
[BlackElo "1701"]
[PlyCount "99"]
[EventDate "2019.11.??"]
[EventType "swiss"]
[EventRounds "8"]
[EventCountry "DEN"]

1. d4 d5 2. c4 c6 3. Nf3 Nf6 4. Nc3 dxc4 5. a4 Bf5 6. e3 e6 7. Bxc4 h6 8. O-O
a5 9. Qe2 Bg4 10. h3 Bxf3 11. Qxf3 Na6 12. Rd1 Nb4 13. Rb1 Be7 14. e4 O-O 15.
Bf1 Nh7 16. Qe2 Qc7 17. g3 Rad8 18. Bg2 b6 19. Be3 Rd7 20. Rbc1 Qb8 21. f4 g5
22. e5 gxf4 23. Bxf4 Bg5 24. Bxg5 hxg5 25. Ne4 Qd8 26. Nd6 Rxd6 27. exd6 Qxd6
28. Qe5 Qd7 29. h4 f6 30. Qe4 f5 31. Qe5 g4 32. Bf1 Nf6 33. Bc4 Nfd5 34. Bxd5
Nxd5 35. Re1 Re8 36. Rc2 Kf7 37. Rce2 Nb4 38. Qe3 Qd5 39. Kh2 Qd8 40. Qh6 Qf6
41. Qh7+ Kf8 42. Qd7 f4 43. Qxe8+ Kxe8 44. Rxe6+ Kf7 45. Rxf6+ Kxf6 46. gxf4
Nd3 47. Re8 Nxb2 48. Rc8 Nxa4 49. Rxc6+ Kf5 50. h5 1-0

[Event "GoAudit Open"]
[Site "Copenhagen"]
[Date "2019.11.09"]
[Round "5.7"]
[White "Liu, Casper Yukun"]
[Black "Jaques, Hannibal Valeur"]
[Result "1-0"]
[WhiteElo "2171"]
[BlackElo "1736"]
[PlyCount "71"]
[EventDate "2019.11.??"]
[EventType "swiss"]
[EventRounds "8"]
[EventCountry "DEN"]

1. e4 e5 2. Bc4 Nc6 3. Nf3 Bc5 4. O-O d6 5. c3 Bg4 6. d3 Nf6 7. Nbd2 O-O 8. Re1
a6 9. Nf1 Na5 10. b4 Nxc4 11. bxc5 Na5 12. Ba3 Re8 13. cxd6 cxd6 14. Ne3 Be6
15. Qa4 Nc6 16. c4 Qd7 17. Nd5 Rab8 18. Nb6 Qc7 19. Rab1 h6 20. Rb2 g5 21. Nd5
Bxd5 22. cxd5 Ne7 23. Reb1 Rec8 24. Rb6 Ne8 25. h4 g4 26. Nxe5 Qc3 27. Nd7 Ra8
28. R6b3 b5 29. Rxc3 bxa4 30. Rc4 Rxc4 31. dxc4 Ra7 32. Rb8 Rxd7 33. Rxe8+ Kg7
34. Bxd6 Ng6 35. c5 h5 36. c6 1-0

[Event "GoAudit Open"]
[Site "Copenhagen"]
[Date "2019.11.09"]
[Round "5.8"]
[White "Andersen, Rune"]
[Black "Wehding, Anton Bonsvig"]
[Result "1-0"]
[WhiteElo "2122"]
[BlackElo "1402"]
[PlyCount "57"]
[EventDate "2019.11.??"]
[EventType "swiss"]
[EventRounds "8"]
[EventCountry "DEN"]

1. d4 d5 2. c4 c6 3. Nc3 Nf6 4. Nf3 Bf5 5. cxd5 cxd5 6. Qb3 Qb6 7. Nxd5 Nxd5 8.
Qxd5 e6 9. Qc4 Nc6 10. a3 Rc8 11. e3 e5 12. Qa4 Bd7 13. Bb5 a6 14. Bxc6 Rxc6
15. Qd1 f6 16. O-O Bg4 17. h3 Bxf3 18. Qxf3 exd4 19. exd4 Qxd4 20. Re1+ Be7 21.
Qh5+ Kf8 22. Bh6 Qd7 23. Rad1 Rd6 24. Bf4 Rd4 25. Rxd4 Qxd4 26. Qe2 Qd7 27. Rc1
b5 28. Rc7 Qd8 29. Qe6 1-0

[Event "GoAudit Open"]
[Site "Copenhagen"]
[Date "2019.11.09"]
[Round "5.9"]
[White "Frank Nielsen, Marie"]
[Black "Kustagi, Zeeshan"]
[Result "1-0"]
[WhiteElo "1989"]
[BlackElo "1685"]
[PlyCount "85"]
[EventDate "2019.11.??"]
[EventType "swiss"]
[EventRounds "8"]
[EventCountry "DEN"]

1. e4 c5 2. b3 e6 3. c4 Nc6 4. Bb2 d6 5. Ne2 Nge7 6. d4 cxd4 7. Nxd4 Nxd4 8.
Qxd4 Nc6 9. Qd2 e5 10. Be2 Be7 11. O-O O-O 12. Na3 Bg5 13. Qd1 Qe7 14. Nb5 Rd8
15. Ba3 a6 16. Nxd6 Qe6 17. c5 Rd7 18. h3 Nd4 19. Bg4 Qg6 20. Nxc8 Rxc8 21.
Bxd7 Rd8 22. Bf5 Qf6 23. Qg4 g6 24. h4 Bxh4 25. Bd7 h5 26. Qh3 Ne2+ 27. Kh1 Nf4
28. Qf3 Rxd7 29. Rad1 Rc7 30. g3 g5 31. gxf4 g4 32. Qg2 exf4 33. Rd6 Qg7 34. b4
Be7 35. Rd5 h4 36. f3 g3 37. Bb2 Qh7 38. Qh3 Rc6 39. Kg2 b6 40. Rfd1 Bf8 41.
Rg5+ Rg6 42. Rxg6+ Qxg6 43. Qxh4 1-0

[Event "GoAudit Open"]
[Site "Copenhagen"]
[Date "2019.11.09"]
[Round "5.10"]
[White "Falkesgaard, Jeppe Hald"]
[Black "Damgaard Hansen, Henrik"]
[Result "1-0"]
[WhiteElo "1972"]
[BlackElo "1769"]
[PlyCount "81"]
[EventDate "2019.11.??"]
[EventType "swiss"]
[EventRounds "8"]
[EventCountry "DEN"]

1. d4 Nf6 2. c4 c5 3. d5 b5 4. Qc2 bxc4 5. e4 d6 6. Bxc4 g6 7. Nc3 Bg7 8. Nf3
Nbd7 9. O-O O-O 10. h3 Nb6 11. Be2 Bb7 12. a4 a5 13. Bf4 Qc7 14. Rfe1 Rfb8 15.
Rad1 h6 16. Nd2 Nfd7 17. Bb5 Ne5 18. Be3 Rc8 19. f4 Ned7 20. Nb3 c4 21. Nd4 Nb8
22. Qf2 N6d7 23. Rc1 Ba6 24. Bxa6 Nxa6 25. Ncb5 Qb7 26. Nc6 Ndc5 27. Nxa5 Qd7
28. Nxc4 Rab8 29. Qe2 Nxa4 30. Na7 Rc7 31. Nc6 Rbb7 32. N4a5 N6c5 33. Nxb7 Rxb7
34. Bxc5 Rxb2 35. Qc4 Nxc5 36. e5 e6 37. exd6 Qxd6 38. Qxc5 Qxf4 39. dxe6 Qd2
40. Ne7+ Kh7 41. Qc6 1-0

[Event "GoAudit Open"]
[Site "Copenhagen"]
[Date "2019.11.09"]
[Round "6.1"]
[White "Hector, Jonny"]
[Black "Fries Nielsen, Jens Ove"]
[Result "1/2-1/2"]
[WhiteElo "2478"]
[BlackElo "2367"]
[PlyCount "88"]
[EventDate "2019.11.??"]
[EventType "swiss"]
[EventRounds "8"]
[EventCountry "DEN"]

1. e4 c6 2. d4 d6 3. f4 d5 4. e5 Bf5 5. Be3 e6 6. Nd2 Qb6 7. Nb3 a5 8. a4 Na6
9. c3 Ne7 10. Be2 Ng6 11. Nf3 Be7 12. O-O h5 13. Nfd2 h4 14. Rc1 Rd8 15. Rf2
Nf8 16. g4 hxg3 17. hxg3 Bg6 18. Bg4 Nd7 19. Qe2 c5 20. Qb5 Nc7 21. Qxb6 Nxb6
22. Nxa5 Nxa4 23. Nxb7 Rb8 24. Nd6+ Bxd6 25. exd6 Nb5 26. dxc5 Nxb2 27. f5 exf5
28. Be2 Kd7 29. Nf3 Rhe8 30. Bf4 Nc4 31. Bxc4 dxc4 32. Ne5+ Rxe5 33. Bxe5 f6
34. Bf4 Na7 35. Rcc2 Nc6 36. Rb2 Rb3 37. Rxb3 cxb3 38. Bc1 Ne5 39. Kf1 Kc6 40.
Re2 Bf7 41. Ke1 Bc4 42. Re3 Nd3+ 43. Kd2 Nxc5 44. Re7 g5 1/2-1/2